Les noms de Mammifères par lettres -U / V - Statistiques

Statistiques générales
  • Ce quiz a été pris 74 fois
  • Le résultat moyen est 3 sur 10
Statistiques - réponses
Par images Réponse % Correct
Vache
98%
Vison
72%
Vigogne
44%
Vampire
41%
Vari
25%
Viscache
17%
Vervet
8%
Urial
6%
Vespère
2%
Verspertilion
0%
Aucun quiz correspondant
Distribution des résultats
% des personnes avec chaque résultat
Percentile par nombre de réponses
Votre historique - résultats
Vous n’avez pas pris ce quiz